|
|
|
|
| LEADER |
01047nam a2200289 a 4500 |
| 001 |
000403986 |
| 003 |
CZ BrMZK |
| 005 |
20150203120127.0 |
| 007 |
ta |
| 008 |
010907s1998 xr e cze d |
| 020 |
|
|
|a 80-86096-16-5
|
| 040 |
|
|
|a BOA001
|b cze
|
| 080 |
|
|
|a (0:82-321.9)
|2 MRF
|
| 080 |
|
|
|a 821.111(73)-32
|2 MRF
|
| 100 |
1 |
|
|a Blish, James,
|d 1921-1975
|7 jn20000600903
|4 com
|
| 245 |
1 |
0 |
|a Star Trek :
|b klasické příběhy 01.
|n Kn. 1 /
|c sestavil James Blish a J.A. Lawrencová ; [překlady Kateřina Hámová ... [et al.]
|
| 250 |
|
|
|a Vyd. 1.
|
| 260 |
|
|
|a Olomouc :
|b Netopejr,
|c 1998
|
| 300 |
|
|
|a 391 s. ;
|c 17 cm
|
| 655 |
|
7 |
|a americké příběhy
|7 fd131795
|2 czenas
|
| 655 |
|
7 |
|a vědecko-fantastické příběhy
|7 fd133358
|2 czenas
|
| 700 |
1 |
|
|a Hámová, Kateřina
|7 mzk2015857536
|4 trl
|
| 700 |
1 |
|
|a Lawrence, J. A.
|4 com
|
| 765 |
0 |
|
|t Star Trek. The classic episodes: vol. 1
|
| 910 |
|
|
|a BOA001
|b 1-1057.466,1
|
| 990 |
|
|
|a BK
|
| 996 |
6 |
|
|b 2610089364
|c 1-1057.466,1
|l MZK
|r Sklad / do 1 hodiny
|n 34
|p p.v.
|w 000403986
|u 000010
|a 1
|e BOA001
|j MZK50
|s P
|